[Event "Airthings Masters Div 3 L"]
[Site "chess.com INT"]
[Date "2023.02.07"]
[Round "4.1"]
[White "Le, Tuan Minh"]
[Black "Dreev, Aleksey"]
[Result "0-1"]
[WhiteTitle "GM"]
[BlackTitle "GM"]
[WhiteElo "2542"]
[BlackElo "2606"]
[WhiteFideId "12401153"]
[BlackFideId "4100107"]
[EventDate "2023.02.06"]

1. d4 d5 2. Nf3 Nf6 3. Bg5 Ne4 4. Bf4 Bf5 5. e3 e6 6. Nbd2 Bd6 7. Bg3 Nxg3 8.
hxg3 h6 9. c4 c6 10. Qb3 Qc7 11. Bd3 Bxd3 12. Qxd3 Nd7 13. Rc1 Nf6 14. O-O Rd8
15. c5 Be7 16. b4 Ng4 17. b5 h5 18. bxc6 bxc6 19. Qa6 h4 20. gxh4 Bxh4 21. Rb1
Rd7 22. Rb4 f5 23. Ne5 Nxe5 24. dxe5 Be7 25. Rfb1 O-O 26. Rc1 Qxe5 27. Nf3 Qc7
28. Nd4 Qc8 29. Ra4 Rc7 30. Qxc8 Rfxc8 31. Nxe6 Rb7 32. Nd4 g6 33. Ra6 Rbc7 34.
g3 Kf7 35. Kg2 Bf6 36. Nb3 Re8 37. Na5 Re6 38. Kf3 g5 39. Nb3 Re4 40. Rc2 g4+
41. Kg2 Rc4 42. Rd2 Ke7 43. Rd1 Kf7 44. Kf1 Rc2 45. Rd2 Rc4 46. Ke2 Ke7 47. Nd4
Bxd4 48. exd4 Kf6 49. Kd3 Rc1 50. Re2 Rd1+ 51. Kc3 Rc1+ 52. Kd2 Rf1 53. Kc2 f4
54. gxf4 Kf5 55. Ra3 Kxf4 56. Rb3 Rf7 57. Rb8 Kf3 58. Re6 Rxf2+ 59. Kc3 g3 60.
Rg8 g2 61. Reg6 Ke4 62. Re6+ Kf5 63. Re5+ Kf4 64. Reg5 Kf3 65. a4 Re2 66. Rg3+
Ke4 67. R3g4+ Kf3 68. Rg3+ Ke4 69. R3g4+ Rf4 70. Rxg2 Re3+ 71. Kb4 Kxd4 72. R8g6
a5+ 73. Kxa5 Kxc5 74. Rb2 Ree4 75. Rc2+ Rc4 76. Ra2 Rfe4 77. Rh6 Re8 78. Ka6
Rxa4+ 79. Rxa4 Ra8+ 80. Kb7 Rxa4 81. Rxc6+ Kd4 82. Kb6 Rb4+ 83. Ka5 Rb8 0-1

[Event "Airthings Masters Div 3 L"]
[Site "chess.com INT"]
[Date "2023.02.07"]
[Round "4.2"]
[White "Dreev, Aleksey"]
[Black "Le, Tuan Minh"]
[Result "0-1"]
[WhiteTitle "GM"]
[BlackTitle "GM"]
[WhiteElo "2606"]
[BlackElo "2542"]
[WhiteFideId "4100107"]
[BlackFideId "12401153"]
[EventDate "2023.02.06"]

1. d4 d5 2. c4 e6 3. Nc3 a6 4. cxd5 exd5 5. Nf3 h6 6. Bf4 Nf6 7. e3 Bd6 8. Bxd6
Qxd6 9. Bd3 O-O 10. Qc2 Bg4 11. Ne5 Be6 12. Ne2 b6 13. Nf4 c5 14. b3 cxd4 15.
exd4 Nc6 16. Nxc6 Qxf4 17. O-O Bd7 18. g3 Qd6 19. Ne5 Rfc8 20. Qd2 Bb5 21. Bxb5
axb5 22. f3 Nh7 23. Kg2 Ng5 24. h4 Ne6 25. f4 f6 26. Nf3 b4 27. Rac1 Nc7 28.
Rfe1 Nb5 29. Rxc8+ Rxc8 30. Qe2 Nc3 31. Qe6+ Qxe6 32. Rxe6 Ne4 33. h5 Rc2+ 34.
Kh3 Rc3 35. Kg2 Rc2+ 36. Kh3 Rxa2 37. Rxb6 Nf2+ 38. Kg2 Rb2 39. Nh4 Kf7 40. Nf5
Nd3+ 41. Kh3 Rxb3 42. Rb7+ Ke6 43. Nxg7+ Kd6 44. Kg4 Kc6 45. Rb8 Nf2+ 46. Kf5
Kc7 47. Rb5 Kc6 48. Rb8 Ne4 49. Ne8 Nxg3+ 50. Kg6 Ne2 51. Kxh6 Nxf4 52. Nxf6 Ne6
53. Kg6 Rg3+ 54. Kf7 Ng5+ 55. Kf8 b3 56. h6 Rh3 57. Kg7 Ne6+ 58. Kg6 Nxd4 59. h7
Nb5 60. Nh5 b2 61. h8=Q b1=Q+ 62. Kf7 Qf5+ 63. Qf6+ Qxf6+ 64. Nxf6 Nd6+ 65. Kg6
Rg3+ 66. Kh5 d4 67. Rd8 Rg1 68. Ne8 Nf5 69. Nf6 Rg2 70. Rd5 Ng7+ 71. Kh6 Ne6 72.
Re5 Nc5 0-1

[Event "Airthings Masters Div 3 L"]
[Site "chess.com INT"]
[Date "2023.02.07"]
[Round "4.3"]
[White "Le, Tuan Minh"]
[Black "Dreev, Aleksey"]
[Result "0-1"]
[WhiteTitle "GM"]
[BlackTitle "GM"]
[WhiteElo "2542"]
[BlackElo "2606"]
[WhiteFideId "12401153"]
[BlackFideId "4100107"]
[EventDate "2023.02.06"]

1. d4 d5 2. Nf3 Nf6 3. Bg5 Ne4 4. Bf4 Bf5 5. c4 dxc4 6. e3 e6 7. Bxc4 Bb4+ 8.
Ke2 Bd6 9. Bg3 O-O 10. Bd3 c5 11. Qc2 Nc6 12. a3 Nxg3+ 13. hxg3 cxd4 14. Bxf5
exf5 15. exd4 Qe7+ 16. Kf1 g6 17. Nc3 Qf6 18. Qd2 Rfe8 19. Nd5 Qg7 20. Qg5 Re6
21. Qd2 h5 22. Nc3 Re7 23. Rd1 Rd8 24. Rh4 a6 25. Kg1 Red7 26. d5 Ne5 27. Rd4
Qf6 28. b4 Nxf3+ 29. gxf3 Be5 30. Rd3 Bxc3 31. Rxc3 Rxd5 32. Qxd5 Rxd5 33. Rc8+
Kg7 34. Rxd5 f4 35. gxf4 Qxf4 36. Rd7 Qxf3 37. Rcc7 b5 38. Re7 h4 39. Re3 Qg4+
40. Kh1 Qd1+ 41. Kg2 Qg4+ 42. Kf1 h3 43. Ree7 Qd1+ 44. Re1 Qxe1+ 0-1

[Event "Airthings Masters Div 3 L"]
[Site "chess.com INT"]
[Date "2023.02.07"]
[Round "4.1"]
[White "Maghsoodloo, Parham"]
[Black "Oparin, Grigoriy"]
[Result "1/2-1/2"]
[WhiteTitle "GM"]
[BlackTitle "GM"]
[WhiteElo "2728"]
[BlackElo "2667"]
[WhiteFideId "12539929"]
[BlackFideId "24125890"]
[EventDate "2023.02.06"]

1. d4 Nf6 2. c4 e6 3. Nc3 Bb4 4. Nf3 c5 5. Qb3 Nc6 6. dxc5 Ne4 7. Bd2 Nxd2 8.
Nxd2 Qa5 9. Rc1 O-O 10. e3 Bxc5 11. Be2 Be7 12. O-O Rd8 13. Rfd1 d6 14. a3 a6
15. Nde4 Rb8 16. Qa2 Qe5 17. b4 b6 18. f4 Qf5 19. Bd3 Qh5 20. Rf1 Bb7 21. Rf3 f5
22. Ng3 Qf7 23. Rff1 Bf6 24. e4 g6 25. Kh1 Rbc8 26. Na4 Bd4 27. Qd2 Qg7 28. Rfd1
Rb8 29. Ne2 Bf6 30. Bb1 Ne7 31. Qd3 1/2-1/2

[Event "Airthings Masters Div 3 L"]
[Site "chess.com INT"]
[Date "2023.02.07"]
[Round "4.2"]
[White "Oparin, Grigoriy"]
[Black "Maghsoodloo, Parham"]
[Result "0-1"]
[WhiteTitle "GM"]
[BlackTitle "GM"]
[WhiteElo "2667"]
[BlackElo "2728"]
[WhiteFideId "24125890"]
[BlackFideId "12539929"]
[EventDate "2023.02.06"]

1. d4 Nf6 2. c4 e6 3. Nc3 Bb4 4. a3 Bxc3+ 5. bxc3 c5 6. f3 Nc6 7. e4 d6 8. Ne2
Qc7 9. Ng3 e5 10. d5 Na5 11. h4 h6 12. Bd3 Bd7 13. Ra2 O-O-O 14. Rf2 Rde8 15. h5
Kb8 16. Nf1 Ng8 17. Ne3 Ne7 18. g4 f6 19. Rg2 Nc8 20. Kf2 Nb6 21. Bd2 Rhg8 22.
Qb1 Ba4 23. Kg3 Bb3 24. Qf1 Qd7 25. Qe2 Qa4 26. Rb1 Kc7 27. Bc1 Bxc4 28. Nxc4
Nbxc4 29. Qf1 Ra8 30. Ra2 a6 31. Qe2 Rgc8 32. Rb4 cxb4 33. axb4 Qb3 34. bxa5 Kd8
35. Ra1 Qxc3 36. Rb1 Rab8 37. Qd1 Qxa5 38. g5 fxg5 39. Ra1 Qc3 40. Rb1 Qd4 41.
Qf1 b5 42. Bxc4 Rxc4 43. Ba3 b4 44. Qh3 Qe3 0-1

[Event "Airthings Masters Div 3 L"]
[Site "chess.com INT"]
[Date "2023.02.07"]
[Round "5.1"]
[White "Dreev, Aleksey"]
[Black "Maghsoodloo, Parham"]
[Result "1-0"]
[WhiteTitle "GM"]
[BlackTitle "GM"]
[WhiteElo "2606"]
[BlackElo "2728"]
[WhiteFideId "4100107"]
[BlackFideId "12539929"]
[EventDate "2023.02.06"]

1. d4 d5 2. c4 e6 3. Nc3 Bb4 4. cxd5 exd5 5. Nf3 c6 6. Bg5 Ne7 7. e3 Nd7 8. Bd3
Nf8 9. O-O f6 10. Bf4 Nfg6 11. Bg3 Bxc3 12. bxc3 Bf5 13. c4 O-O 14. Rb1 Bxd3 15.
Qxd3 Qd7 16. Rfc1 Rf7 17. Qb3 Nf5 18. cxd5 Qxd5 19. Qxd5 cxd5 20. Ne1 h5 21. Nd3
h4 22. Bc7 b6 23. h3 Rd7 24. a4 Rc8 25. Bh2 Rxc1+ 26. Rxc1 Nge7 27. Nb4 Kf7 28.
Na6 Rd8 29. Kf1 Rc8 30. Rxc8 Nxc8 31. Nc7 Nce7 32. Ke2 g5 33. Kd3 Ng7 34. Kc3
Ne8 35. Kb4 Nxc7 36. Bxc7 Ke6 37. Kb5 Kd7 38. Bb8 Nc6 39. Bxa7 Nxa7+ 40. Kxb6
Nc8+ 41. Kc5 f5 42. a5 f4 43. Kxd5 Ne7+ 44. Ke4 fxe3 45. fxe3 Kc6 46. Ke5 Nd5
47. e4 Ne3 48. d5+ Kb7 49. d6 Nc4+ 50. Kf5 Nxa5 51. Kxg5 Kc6 52. Kxh4 Kxd6 53.
Kg5 Ke7 54. h4 Kf7 55. g4 Nc4 56. h5 Kg7 57. Kf5 Ne3+ 58. Kf4 Ng2+ 59. Kg3 Ne3
60. g5 Kf7 61. Kf4 Ng2+ 62. Kf5 Ne3+ 63. Ke5 Nc4+ 64. Kd5 Ne3+ 65. Kc5 Ng4 66.
Kd6 Nf2 67. Kd5 Nh3 68. g6+ Kf6 69. e5+ Ke7 70. Ke4 Ke6 71. h6 Nf2+ 72. Kd4 Ng4
73. h7 Nxe5 74. g7 1-0

[Event "Airthings Masters Div 3 L"]
[Site "chess.com INT"]
[Date "2023.02.07"]
[Round "5.2"]
[White "Maghsoodloo, Parham"]
[Black "Dreev, Aleksey"]
[Result "1/2-1/2"]
[WhiteTitle "GM"]
[BlackTitle "GM"]
[WhiteElo "2728"]
[BlackElo "2606"]
[WhiteFideId "12539929"]
[BlackFideId "4100107"]
[EventDate "2023.02.06"]

1. e4 c6 2. d4 d5 3. f3 e6 4. Nc3 Bb4 5. Bd2 Ne7 6. Nge2 O-O 7. a3 Ba5 8. h4 Nd7
9. h5 h6 10. Bf4 Re8 11. Qd2 c5 12. dxc5 e5 13. b4 exf4 14. bxa5 Nxc5 15. Rd1
Bd7 16. exd5 Qxa5 17. Kf2 Nf5 18. Qxf4 Qxa3 19. g4 Ne3 20. Rd2 f6 21. Bh3 Rac8
22. Rb1 b6 23. Qd4 Nb7 24. Rb3 Qd6 25. Ne4 Nxc2 26. Qd3 Qh2+ 27. Bg2 Qxg2+ 28.
Kxg2 Ne1+ 29. Kf2 Nxd3+ 30. Rdxd3 Rxe4 31. fxe4 Nc5 32. Nd4 Bxg4 33. Nc6 Re8 34.
d6 Bd7 35. Ne7+ Kf7 36. Ke3 Nxb3 37. Rxb3 Ke6 38. Rd3 a5 39. Kf4 a4 40. Nf5 Kf7
41. Rc3 Bxf5 42. exf5 Rd8 43. Rc7+ Kf8 44. Rc6 a3 45. Rxb6 a2 46. Ra6 Rxd6 47.
Rxa2 Rd4+ 1/2-1/2

[Event "Airthings Masters Div 3 L"]
[Site "chess.com INT"]
[Date "2023.02.08"]
[Round "6.1"]
[White "Bortnyk, Olexandr"]
[Black "Pranav, V"]
[Result "1-0"]
[WhiteTitle "GM"]
[BlackTitle "GM"]
[WhiteElo "2605"]
[BlackElo "2545"]
[WhiteFideId "14120828"]
[BlackFideId "25060783"]
[EventDate "2023.02.06"]

1. e4 e5 2. Nf3 Nc6 3. Bb5 a6 4. Ba4 Nf6 5. Nc3 Bc5 6. d3 d6 7. h3 h6 8. g4 Be6
9. Be3 Bxe3 10. fxe3 h5 11. g5 Nh7 12. h4 Bg4 13. Qe2 f6 14. g6 Nf8 15. O-O-O
Nxg6 16. d4 b5 17. Bb3 Na5 18. Qg2 Nxb3+ 19. axb3 exd4 20. exd4 O-O 21. Rdg1 f5
22. exf5 Rxf5 23. Nh2 Nxh4 24. Qe4 Qg5+ 25. Kb1 Raf8 26. Nxg4 Nf3 27. Qe6+ Kh7
28. Ne4 Qf4 29. Ngf6+ Kh8 30. Qe7 1-0

[Event "Airthings Masters Div 3 L"]
[Site "chess.com INT"]
[Date "2023.02.08"]
[Round "6.2"]
[White "Pranav, V"]
[Black "Bortnyk, Olexandr"]
[Result "1-0"]
[WhiteTitle "GM"]
[BlackTitle "GM"]
[WhiteElo "2545"]
[BlackElo "2605"]
[WhiteFideId "25060783"]
[BlackFideId "14120828"]
[EventDate "2023.02.06"]

1. e4 d6 2. d4 Nf6 3. Nc3 e5 4. Nf3 Nbd7 5. Bc4 Be7 6. O-O c6 7. a4 Qc7 8. Re1
O-O 9. b3 h6 10. h3 Re8 11. Ba3 a6 12. Bf1 b6 13. g3 Bb7 14. Nh4 exd4 15. Qxd4
c5 16. Qd2 Bc6 17. Bg2 b5 18. Bb2 Bf8 19. axb5 axb5 20. Rxa8 Rxa8 21. Nf5 b4 22.
Nd5 Bxd5 23. exd5 Ra2 24. Qc1 c4 25. Qb1 Ra8 26. Bd4 Ra5 27. Qd1 c3 28. f4 g6
29. Ne7+ Kh7 30. g4 Bg7 31. Bf3 Ng8 32. Nc6 Bxd4+ 33. Qxd4 Ra2 34. Nxb4 Rb2 35.
Re2 Qc5 36. Nc6 Ngf6 37. Kf2 Qxd4+ 38. Nxd4 Nb6 39. Re7 Kg8 40. Rb7 Nfxd5 41. g5
hxg5 42. fxg5 Rb1 43. Nb5 Rb2 44. Be4 f5 45. gxf6 Nxf6 46. Bxg6 Nbd5 47. Nxd6
Nf4 48. Bf5 Nxh3+ 49. Bxh3 Rxc2+ 50. Ke3 Rb2 51. Be6+ Kh8 52. Rc7 c2 53. Nf7+
Kg7 54. Ne5+ Kh6 55. Nd3 Ra2 56. b4 Ra6 57. Bb3 Ra3 58. Rc6 Kg5 59. Bxc2 Ra8 60.
Rc5+ Kh6 61. Ne5 Rb8 62. b5 Kg7 63. Bd3 Ne8 64. Rc6 Rb7 65. Rg6+ Kf8 66. Rh6 Nc7
67. Rh8+ Ke7 68. Rh7+ Kd6 69. Nf7+ Kc5 70. Rh5+ Kb4 71. Nd8 Rb6 72. Nc6+ Ka4 73.
Nd4 Kb4 74. Kd2 Rd6 75. Nc6+ Kb3 76. Ke3 Nd5+ 77. Rxd5 Rxd5 78. b6 Rd7 79. b7
Rxb7 80. Na5+ Kb4 81. Nxb7 Kc3 82. Nc5 Kb4 83. Kd4 Ka3 84. Kc3 Ka2 85. Bc2 Ka1
86. Bb3 Kb1 87. Nd3 Ka1 88. Nb4 Kb1 89. Nc2 Kc1 90. Ba2 Kd1 91. Nd4 Kc1 92. Ne2+
Kd1 93. Kd3 Ke1 94. Be6 Kd1 95. Bb3+ Ke1 96. Ke3 Kf1 97. Nf4 Ke1 98. Ng2+ Kf1
99. Kf3 Kg1 100. Kg3 Kf1 101. Bc4+ Kg1 102. Nf4 Kh1 103. Bd3 Kg1 104. Nh3+ Kh1
105. Be4# 1-0

[Event "Airthings Masters Div 3 L"]
[Site "chess.com INT"]
[Date "2023.02.08"]
[Round "6.3"]
[White "Bortnyk, Olexandr"]
[Black "Pranav, V"]
[Result "1-0"]
[WhiteTitle "GM"]
[BlackTitle "GM"]
[WhiteElo "2605"]
[BlackElo "2545"]
[WhiteFideId "14120828"]
[BlackFideId "25060783"]
[EventDate "2023.02.06"]

1. d4 Nf6 2. Nc3 d5 3. Bf4 c5 4. e4 Nxe4 5. Nxe4 dxe4 6. dxc5 Qa5+ 7. c3 Qxc5 8.
Qa4+ Nc6 9. Qxe4 g6 10. Nf3 Bg7 11. Rd1 O-O 12. Be3 Qa5 13. Bc4 Bf5 14. Qh4 e6
15. O-O h5 16. h3 Ne5 17. Nxe5 Qxe5 18. Rd7 Qe4 19. Qxe4 Bxe4 20. Rfd1 Bc6 21.
R7d2 Rfe8 22. Bg5 Rac8 23. Bb3 Kh7 24. a3 Bh6 25. h4 a5 26. Rd6 a4 27. Bc2 Ra8
28. Bxh6 Kxh6 29. R1d4 Ra5 30. Rb4 Rea8 31. Kf1 Kg7 32. f3 Kf8 33. Kf2 Ke7 34.
Rd2 g5 35. Rdd4 gxh4 36. Rxh4 Rd8 37. Rhd4 Rxd4 38. Rxd4 Rb5 39. Rb4 Rxb4 40.
axb4 h4 41. c4 b5 42. c5 e5 43. Bf5 Kf6 44. Be4 Be8 45. c6 Ke7 46. c7 Kd7 47.
Bc6+ 1-0

[Event "Airthings Masters Div 3 L"]
[Site "chess.com INT"]
[Date "2023.02.08"]
[Round "6.1"]
[White "Lenderman, Aleksandr"]
[Black "Dreev, Aleksey"]
[Result "1-0"]
[WhiteTitle "GM"]
[BlackTitle "GM"]
[WhiteElo "2572"]
[BlackElo "2606"]
[WhiteFideId "2021285"]
[BlackFideId "4100107"]
[EventDate "2023.02.06"]

1. d4 d5 2. c4 c6 3. Nf3 Nf6 4. cxd5 cxd5 5. Nc3 Nc6 6. Bf4 e6 7. e3 Be7 8. Ne5
O-O 9. Bd3 Bd7 10. O-O Qa5 11. Bg5 Qd8 12. f4 Ne8 13. Nxc6 Bxc6 14. Qg4 f5 15.
Bxe7 Qxe7 16. Qe2 Nd6 17. Kh1 Rac8 18. g4 b5 19. a3 a5 20. g5 Nc4 21. Rfc1 e5
22. fxe5 Qxg5 23. Rg1 Qxe3 24. Qxe3 Nxe3 25. Nxb5 f4 26. Nd6 Rb8 27. Rac1 Bd7
28. Rc7 Bg4 29. Rxg4 Nxg4 30. Bf5 h5 31. e6 Rf6 32. Rd7 Nf2+ 33. Kg1 Ne4 34.
Bxe4 dxe4 35. e7 Rxd6 36. Rxd6 Re8 37. Re6 e3 38. Re4 Kf7 39. Rxf4+ Kxe7 40.
Re4+ Kd7 41. Rxe8 Kxe8 42. b4 axb4 43. axb4 Kd7 44. Kf1 Kc6 45. Ke2 g5 46. Kxe3
Kd5 47. b5 g4 48. Kf4 1-0

[Event "Airthings Masters Div 3 L"]
[Site "chess.com INT"]
[Date "2023.02.08"]
[Round "6.2"]
[White "Dreev, Aleksey"]
[Black "Lenderman, Aleksandr"]
[Result "1/2-1/2"]
[WhiteTitle "GM"]
[BlackTitle "GM"]
[WhiteElo "2606"]
[BlackElo "2572"]
[WhiteFideId "4100107"]
[BlackFideId "2021285"]
[EventDate "2023.02.06"]

1. d4 d5 2. c4 dxc4 3. e4 Nf6 4. e5 Nd5 5. Bxc4 Bf5 6. Ne2 e6 7. O-O Nb6 8. Bb3
Nc6 9. Nbc3 Qd7 10. Be3 O-O-O 11. a3 Kb8 12. Ba2 f6 13. exf6 gxf6 14. Re1 Bd6
15. Nb5 h5 16. Rc1 h4 17. Nxd6 Qxd6 18. Bf4 Qd7 19. b4 Rc8 20. Rc5 Rhg8 21. g3
Bg4 22. Qd3 hxg3 23. fxg3 Bxe2 24. Qxe2 Nxd4 25. Qe4 Rge8 26. Be3 e5 27. Rf1 f5
28. Qg2 Re7 29. Qf2 f4 30. gxf4 Qg4+ 31. Kh1 Nf5 32. Rxe5 Rh7 33. Rg1 Rxh2+ 34.
Qxh2 Qf3+ 35. Rg2 Nxe3 36. Rxe3 Qxe3 37. Rf2 Qc3 38. Qg2 Rh8+ 39. Kg1 Qa1+ 40.
Qf1 Qg7+ 41. Qg2 Qa1+ 42. Qf1 Qg7+ 43. Rg2 Qd4+ 44. Qf2 Qa1+ 45. Qf1 Qd4+ 46.
Rf2 Qg7+ 1/2-1/2

[Event "Airthings Masters Div 3 L"]
[Site "chess.com INT"]
[Date "2023.02.08"]
[Round "6.3"]
[White "Bortnyk, Olexandr"]
[Black "Lenderman, Aleksandr"]
[Result "1/2-1/2"]
[WhiteTitle "GM"]
[BlackTitle "GM"]
[WhiteElo "2605"]
[BlackElo "2572"]
[WhiteFideId "14120828"]
[BlackFideId "2021285"]
[EventDate "2023.02.06"]

1. e4 e5 2. Nf3 Nf6 3. Nxe5 d6 4. Nf3 Nxe4 5. Bd3 Nf6 6. O-O Be7 7. c3 O-O 8.
Bc2 Bg4 9. d4 d5 10. Qd3 Nbd7 11. Ne5 Bh5 12. Qh3 Bg6 13. Nxg6 hxg6 14. Nd2 c5
15. Nf3 cxd4 16. Nxd4 Bc5 17. Be3 Re8 18. Rad1 a6 19. Bb3 Qc7 20. Nc2 Nb6 21.
Qf3 a5 22. a3 Nc4 23. Bxc4 dxc4 24. Bxc5 Qxc5 25. Ne3 b5 26. Rd4 Rad8 27. Rfd1
Rxd4 28. Rxd4 a4 29. g3 Qc7 30. Nd5 Nxd5 31. Rxd5 Qc6 32. Kg2 f6 33. h4 Kf8 34.
Rd4 Qxf3+ 35. Kxf3 Re5 36. Rd7 Kg8 37. Rb7 Kh7 38. g4 g5 39. hxg5 fxg5 40. Kg3
Kg6 41. Rb6+ Kf7 42. Kg2 Ke7 43. Kh2 Kf7 44. Kh1 Ke7 45. Kg1 Kf7 46. Kf1 Ke7 47.
f3 Kf7 48. Kg1 Ke7 49. Kf2 Kf7 50. Rd6 Ke7 51. Rd2 Ke6 52. Rd8 Ke7 53. Rg8 Kf7
54. Rb8 Ke7 55. Rb7+ Kf6 56. Rb6+ Kf7 57. Kg3 Rd5 58. Rb7+ Kf6 59. Rb8 Kf7 60.
Rb6 Ke7 61. Kh3 Kf7 62. Rb7+ Kf6 63. Rb8 Kf7 64. Kg3 Ke7 65. Rh8 Rd2 66. Rh2
Rxh2 67. Kxh2 Kf6 68. Kg2 Ke6 69. Kf2 Kd5 70. Ke2 Ke6 71. Kd2 Kd6 72. Ke2 Ke6
73. Kf2 Kd5 74. Ke2 Ke6 1/2-1/2

[Event "Airthings Masters Div 3 L"]
[Site "chess.com INT"]
[Date "2023.02.08"]
[Round "7.1"]
[White "Lenderman, Aleksandr"]
[Black "Bortnyk, Olexandr"]
[Result "0-1"]
[WhiteTitle "GM"]
[BlackTitle "GM"]
[WhiteElo "2572"]
[BlackElo "2605"]
[WhiteFideId "2021285"]
[BlackFideId "14120828"]
[EventDate "2023.02.06"]

1. d4 d6 2. Nf3 Nf6 3. c4 g6 4. Nc3 Bg7 5. e4 O-O 6. Be2 Nbd7 7. O-O e5 8. Qc2
c6 9. Rd1 Qe7 10. d5 c5 11. Bg5 h6 12. Bd2 Ne8 13. g3 Ndf6 14. a3 b6 15. b4 Nd7
16. Bd3 Ndf6 17. Rdb1 Bh3 18. Bf1 Bxf1 19. Kxf1 Nd7 20. Nh4 Kh7 21. Kg2 Bf6 22.
Nf3 Bg7 23. h4 Nef6 24. Rh1 Nh5 25. b5 Rae8 26. Rag1 f5 27. Ne1 fxe4 28. Nxe4
Ndf6 29. f3 Nxe4 30. fxe4 Qd7 31. Qd1 a6 32. a4 axb5 33. axb5 Ra8 34. Rf1 Ra3
35. Nf3 Kg8 36. Be1 Qg4 37. Rf2 Qxg3+ 38. Kf1 0-1

[Event "Airthings Masters Div 3 L"]
[Site "chess.com INT"]
[Date "2023.02.08"]
[Round "7.2"]
[White "Praggnanandhaa, R"]
[Black "Bortnyk, Olexandr"]
[Result "1-0"]
[WhiteTitle "GM"]
[BlackTitle "GM"]
[WhiteElo "2690"]
[BlackElo "2605"]
[WhiteFideId "25059530"]
[BlackFideId "14120828"]
[EventDate "2023.02.06"]

1. e4 d6 2. d4 Nf6 3. Nc3 e5 4. Nf3 Nbd7 5. Bc4 Be7 6. O-O c6 7. a4 Qc7 8. Re1
O-O 9. h3 h6 10. Be3 Re8 11. Ba2 Nf8 12. Qd2 Be6 13. a5 Bxa2 14. Rxa2 d5 15.
Nxe5 Nxe4 16. Nxe4 dxe4 17. Qc3 a6 18. Qb3 Ne6 19. c3 Rad8 20. Raa1 Bd6 21. Nc4
f5 22. Nxd6 Qxd6 23. Qxb7 f4 24. Bc1 Ng5 25. Qxa6 Qg6 26. Kh1 e3 27. f3 Rd5 28.
Qf1 Nxh3 29. gxh3 Qg3 30. Bxe3 Rh5 31. Qg2 Rxh3+ 32. Kg1 fxe3 33. Qxg3 Rxg3+ 34.
Kh2 Rxf3 35. Re2 Rf5 36. a6 Rh5+ 37. Kg1 Rg5+ 38. Rg2 Rb5 39. a7 Ra8 40. b4 Rb7
41. Rga2 h5 42. Kf1 Kh7 43. Ke2 Re7 44. c4 h4 45. b5 cxb5 46. cxb5 g5 47. b6 Rb7
48. Ra6 h3 49. Kxe3 Rf7 50. Rb1 Rb7 51. Kf3 g4+ 52. Kg3 Kg6 53. d5 Kf5 54. Re1
Rh7 55. Ra2 Rb7 56. Re6 Rd7 57. Rf2+ Kg5 58. Re5+ Kg6 59. Kxg4 Kh6 60. Rh5+ Kg6
61. Rg5+ Kh6 62. Rh2 1-0

[Event "Airthings Masters Div 3 L"]
[Site "chess.com INT"]
[Date "2023.02.08"]
[Round "7.3"]
[White "Bortnyk, Olexandr"]
[Black "Praggnanandhaa, R"]
[Result "1-0"]
[WhiteTitle "GM"]
[BlackTitle "GM"]
[WhiteElo "2605"]
[BlackElo "2690"]
[WhiteFideId "14120828"]
[BlackFideId "25059530"]
[EventDate "2023.02.06"]

1. e4 e5 2. Nf3 Nc6 3. Bb5 a6 4. Ba4 Bc5 5. Nc3 Nf6 6. d3 b5 7. Bb3 d6 8. Nd5 h6
9. O-O O-O 10. Nxf6+ Qxf6 11. Bd5 Bd7 12. Be3 Rad8 13. Bxc5 dxc5 14. Bxc6 Bxc6
15. Qe2 c4 16. dxc4 bxc4 17. Rfe1 Qe6 18. Qe3 Rd6 19. Qc5 Re8 20. h3 Re7 21. Re3
f6 22. Rae1 Red7 23. Kh2 Kh7 24. Rc3 Bb5 25. Qb4 Rb6 26. a4 a5 27. Qxa5 Ba6 28.
Rb1 Bb7 29. Re3 Rd8 30. Qc3 Ra8 31. Ra1 Qc6 32. Nd2 Rxa4 33. Rxa4 Qxa4 34. Nxc4
Rc6 35. b3 Qa8 36. Qb4 Ra6 37. f3 Ra1 38. Qe7 Ba6 39. Rd3 Qa7 40. Rd7 Qg1+ 41.
Kg3 Qe1+ 42. Kg4 h5+ 43. Kxh5 Qg3 44. Qxf6 Bxc4 45. bxc4 Ra6 46. Qxa6 Qxg2 47.
Qh6+ Kg8 48. Qxg7+ 1-0

[Event "Airthings Masters Div 3 L"]
[Site "chess.com INT"]
[Date "2023.02.08"]
[Round "7.4"]
[White "Bortnyk, Olexandr"]
[Black "Praggnanandhaa, R"]
[Result "0-1"]
[WhiteTitle "GM"]
[BlackTitle "GM"]
[WhiteElo "2605"]
[BlackElo "2690"]
[WhiteFideId "14120828"]
[BlackFideId "25059530"]
[EventDate "2023.02.06"]

1. d4 Nf6 2. Nc3 d5 3. Bf4 c5 4. e4 Nxe4 5. Nxe4 dxe4 6. dxc5 Qxd1+ 7. Rxd1 Nc6
8. Bb5 f6 9. Ne2 e5 10. Be3 Be6 11. Nc3 f5 12. O-O Rd8 13. b4 Be7 14. a3 Kf7 15.
Ba4 a5 16. Rb1 axb4 17. axb4 Bc4 18. Rfe1 Nd4 19. Rbd1 Bf6 20. h3 Ra8 21. Rd2
Be6 22. Ra1 Rhd8 23. Rdd1 Ne2+ 24. Nxe2 Rxa4 25. Rdb1 Rxa1 26. Rxa1 f4 27. Ra7
fxe3 28. Rxb7+ Kg6 29. fxe3 Bg5 30. Kf2 Rf8+ 31. Ke1 Bxe3 32. Rb6 Bf2+ 33. Kd1
Rd8+ 34. Kc1 Kf7 35. Nc3 e3 36. c6 Bc4 37. Rb7+ Ke6 38. b5 e2 39. Nxe2 Bxe2 40.
c7 Rc8 41. b6 Kd7 42. Rb8 Bxb6 43. Rxb6 Rxc7 44. Kd2 Bc4 45. Ke3 Bd5 0-1